National Dishes Quiz Stats

 Plays Quiz not verified by Sporcle

Score 0/132 Timer 10:00
0 Plays Today
Hint Answer % Correct
JapanCurry
79.2%
ItalyPasta
72.7%
United StatesHot dog
72.7%
Sri LankaRice
70.1%
British Virgin IslandsFish
68.8%
United States Virgin IslandsFish
68.8%
United KingdomFish and chips
62.3%
SpainPaella
59.7%
TurkeyKebab
59.7%
CanadaNanaimo bar
57.1%
Morocco Couscous
57.1%
RussiaShchi
57.1%
UkraineBorscht
55.8%
ScotlandHaggis
55.8%
South KoreaKimchi
54.5%
AustriaTafelspitz
53.2%
EgyptFul medames
53.2%
New ZealandPavlova
51.9%
GreeceFasolada
49.4%
IsraelHummus
48.1%
North KoreaKimchi
46.8%
ThailandPad Thai
46.8%
EnglandRoast Beef
46.8%
MexicoMole poblano
45.5%
PeruCeviche
45.5%
AlgeriaCouscous
44.2%
Belgium Moules-frites
44.2%
FranceCrepe
44.2%
PolandBigos
44.2%
TunisiaCouscous
44.2%
IndonesiaGado gado
42.9%
DenmarkFrikadeller
41.6%
Australia Vegemite
40.3%
Germany Currywurst
40.3%
RomaniaMamaliga
39%
South AfricaBobotie
39%
El SalvadorPupusa
36.4%
NetherlandsStamppot
36.4%
BangladeshBiryani
35.1%
Ethiopia Wat
35.1%
PakistanBiryani
35.1%
Hong KongChar siu
33.8%
Brazil Feijoada
32.5%
Jamaica Ackee
31.2%
Hint Answer % Correct
ArgentinaAsado
27.3%
Chile Asado
27.3%
EritreaZigini
27.3%
IcelandHakarl
26%
SwitzerlandCervelat
26%
GeorgiaKhachapuri
24.7%
SingaporeChilli crab
24.7%
Ireland Colcannon
23.4%
DominicaMountain chicken
22.1%
UruguayAsado
19.5%
SudanFul medames
18.2%
MongoliaBuuz
16.9%
KenyaUgali
15.6%
TanzaniaUgali
14.3%
LaosLarb
13%
PortugalBacalhau
13%
SerbiaCevapcici
13%
BelarusDraniki
11.7%
CambodiaAmok trey
11.7%
Czech RepublicVepro knedlo zelo
11.7%
LebanonKibbeh
11.7%
TaiwanBeef noodle soup
11.7%
Costa RicaGallo pinto
10.4%
EstoniaVerivorst
10.4%
LithuaniaCepelinai
10.4%
NicaraguaGallo pinto
10.4%
SyriaKibbeh
10.4%
Armenia Harissa
9.1%
Barbados Cou-Cou
7.8%
BulgariaYogurt
7.8%
Bahrain Machboos
6.5%
CameroonNdole
6.5%
FinlandMammi
6.5%
Guyana Pepperpot
6.5%
KuwaitMachboos
6.5%
KyrgyzstanBeshbarmak
6.5%
PhilippinesAdobo
6.5%
Saudi ArabiaKabsa
6.5%
Bosnia and HerzegovinaBosnian pot
5.2%
MalaysiaNasi Lemak
5.2%
SenegalThieboudienne
5.2%
SwedenKottbullar
5.2%
Burma Mohinga
3.9%
CubaPlatillo Moros y Cristianos
3.9%
Hint Answer % Correct
HondurasBaleada
3.9%
KazakhstanBeshbarmak
3.9%
YemenSaltah
3.9%
AngolaMuamba de galinha
2.6%
BruneiAmbuyat
2.6%
ColombiaAjiaco
2.6%
IranChelo kabab
2.6%
IraqSamak masgouf
2.6%
Jordan Mansaf
2.6%
MaltaPastizzi
2.6%
NorwayFarikal
2.6%
TajikistanO'sh
2.6%
UzbekistanO'sh
2.6%
AfghanistanKabuli Pilav
1.3%
Azerbaijan Dolma
1.3%
BahamasCrack conch
1.3%
BhutanEma datshi
1.3%
Cape VerdeCachupa
1.3%
Macau Minchee
1.3%
Dominican Republic La Bandera
1.3%
HungaryGulyas
1.3%
MacedoniaTavce Gravce
1.3%
NepalDal bhat
1.3%
ParaguaySopa paraguaya
1.3%
Puerto RicoArroz con gandules
1.3%
Northern IrelandUlster fry
1.3%
WalesCawl
1.3%
ArubaKeshi yena
0%
BermudaFish chowder
0%
Democratic Republic of the CongoPoulet Moambe
0%
Ecuador Encebollado
0%
GabonPoulet Nyembwe
0%
GrenadaOil Down
0%
LuxembourgJudd mat Gaardebounen
0%
MadagascarRomazava
0%
MontenegroKacamak
0%
Republic of TatarstanOcpocmaq
0%
San MarinoTorta Tre Monti
0%
SlovakiaBryndzove halusky
0%
Trinidad and TobagoKallaloo
0%
TurkmenistanPalaw
0%
UgandaMatoke
0%
VenezuelaPabellon criollo
0%
VietnamBun bo Hue
0%

You're not logged in!

Compare scores with friends on all Sporcle quizzes.
Join for Free
OR
Log In

You Might Also Like...

Show Comments

Extras

Top Quizzes Today


Score Distribution

Your Account Isn't Verified!

In order to create a playlist on Sporcle, you need to verify the email address you used during registration. Go to your Sporcle Settings to finish the process.

Report this User

Report this user for behavior that violates our Community Guidelines.

Details: